00627 2200229 4500001002100000005001500021035002000036007000300056008004100059020002200100082001100122084001800133100002400151245007000175260003200245300003500277650001500312700002000327504002600347990001200373990001200385INLIS00000000000140320180131032123 a0010-0118000221ta180131 g 0 ind  a978-602-1695-16-6 a910.09 a910.09 BRI s0 aBRILLIANTO, K. Jaya1 aSurga di Timur /cBrillianto K. Jaya; penyunting, Esvandiari Sant aJakarta :bSalsabila,c2014 aix, 167 hlm. :bilus. ;c20 cm aPERJALANAN0 aESVANDIAR, Sant aBibliografi: hlm. 167 a16410 a a16410 b